Perlembagaan dan undang-undang am : Mmengandungi sukatan peperiksaan dan panduan kepada calon-calon peperiksaan undang-undang kerajaan (Hingga 15hb oktober 1987)

Bibliographic Details
Format: Book
Published: Kuala Lumpur : ILBS , 1987
Subjects:

MARC

LEADER 00000cam a2200000 7i4500
001 0000014023
005 20050428.0
020 |a 9678901005 
040 |a INS 
090 0 0 |a KQB14   |b 1987 
245 1 0 |a Perlembagaan dan undang-undang am :   |b Mmengandungi sukatan peperiksaan dan panduan kepada calon-calon peperiksaan undang-undang kerajaan (Hingga 15hb oktober 1987) 
260 |a Kuala Lumpur :   |b ILBS ,   |c 1987 
300 |a i :   |b 520p24cm 
650 0 0 |a Malaysia   |x Constitutional law 
999 |a 0000002927   |b BOOK   |c Open Shelf   |e Default branch 
999 |a 0000002928   |b BOOK   |c Open Shelf   |e Default branch 
999 |a 0000002929   |b BOOK   |c Open Shelf   |e Default branch 
999 |a 0000002930   |b BOOK   |c Open Shelf   |e Default branch 
999 |a 0000002931   |b BOOK   |c Open Shelf   |e Default branch